| 000 | 00630nam a2200193 i 4500 | ||
|---|---|---|---|
| 001 | 182452 | ||
| 003 | ES-MaACL | ||
| 005 | 20230906221619.0 | ||
| 008 | 130816s1988 sp |||| | spa d | ||
| 100 | 1 |
_aMartínez Montávez, Pedro. _978252 |
|
| 245 | 1 | 0 |
_aSevilla y la Giralda en la literatura árabe contemporánea / _cPedro Martínez Montávez. |
| 260 |
_aMadrid : _bCantArabia, _c1988. |
||
| 300 |
_a19 p. ; _c25 cm. |
||
| 490 | 1 |
_aCuadernos de almenara ; _v1 |
|
| 651 | 4 |
_aSevilla- _xEn la literatura. _9147914 |
|
| 830 | 0 |
_aCuadernos de almenara ; _v1 _9191754 |
|
| 852 |
_aES-MaACL _j2325-F-14 |
||
| 999 |
_c182452 _d182452 |
||